Statistics for Name a Valid Answer - U.S. Politics

Click here to take the quiz!

General Stats

  • This quiz has been taken 544 times
  • The average score is 16 of 19

Answer Stats

Category Answer % Correct
Political Parties of PresidentsDemocrat | Republican | Whig | Federalist | National Union...
100%
Impeached PresidentsAndrew Johnson | Bill Clinton | Donald Trump
99%
Vice PresidentsJohn Adams | Aaron Burr | Dick Cheney | Joe Biden | Mike Pence...
96%
Presidents Who Got Less than 50% of the VoteJohn Adams | Abraham Lincoln | Donald Trump | George W. Bush | Bill Clinton...
95%
Swing StatesFlorida | Iowa | Virginia | Colorado | New Hampshire...
94%
States Admitted to the Union after 1900Oklahoma | New Mexico | Arizona | Alaska | Hawaii
92%
Three Major Branches of GovernmentExecutive | Legislative | Judicial
91%
States that were Independent NationsTexas | Vermont | Hawaii
88%
Countries Without US EmbassiesGuinea-Bissau | Kiribati | Tuvalu | Vanuatu | Bhutan...
87%
Permanently Inhabited TerritoriesAmerican Samoa | Guam | Northern Mariana Islands | Puerto Rico | U.S. Virgin Islands
84%
States that didn't Vote for Reagan in 1980Minnesota | Georgia | West Virginia | Maryland | Hawaii...
83%
Rights Protected by the First AmmendmentReligion | Speech | Press | Assembly | Petition the Government
82%
States with 3 Electoral College VotesAlaska | Delaware | Montana | North Dakota | South Dakota...
81%
Presidents Who were not Members of the Two Main PartiesGeorge Washington | John Adams | Thomas Jefferson | James Monroe | Andrew Johnson...
80%
States that have CaucusesIowa | Nevada | North Dakota | Wyoming | Kentucky
79%
Current Supreme Court JusticesRuth Bader Ginsburg | Sonia Sotomayor | Brett Kavanaugh | Clarence Thomas | John Roberts...
77%
States that do not have CountiesAlaska | Louisiana
69%
States with Split Electoral VotesNebraska | Maine
54%
States using Ranked-Choice Voting for Presidential ElectionsMaine
52%

Score Distribution

Percentile by Number Answered

Percent of People with Each Score

Your Score History

You have not taken this quiz